000
00238nam a2200097Ia 4500
082
_a
971 WILL
245
0
_a
Canada
100
_a
Williams, Brian, Washington, D.C., 2009
942
_c
BK
008
210817s9999 xx 000 0 und d
999
_c
237229
_d
237230